[Event "Asia-ch Seniors 9th"]
[Site "Tagaytay City"]
[Date "2018.11.06"]
[Round "4"]
[White "Camer, Angelito"]
[Black "Pacis, Adrian"]
[Result "0-1"]
[WhiteElo "2060"]
[BlackElo "2165"]
[PlyCount "115"]
[EventDate "2018.11.04"]
[EventType "swiss"]
[EventRounds "9"]
[EventCountry "PHI"]
[SourceTitle "EXT 2021"]
[Source "ChessBase"]
[SourceDate "2020.10.23"]
[SourceVersion "1"]
[SourceVersionDate "2020.10.23"]
[SourceQuality "1"]

1. d4 Nf6 2. c4 g6 3. Nc3 Bg7 4. e4 d6 5. Be2 0-0 6. Bg5 h6 7. Be3 c6 8. Qd2 Kh7 9. h4 e5 10. h5 g5 11. f3 exd4 12. Bxd4 Nbd7 13. 0-0-0 Qa5 14. Qc2 Kg8 15. g3 a6 16. f4 g4 17. Bf2 Nc5 18. Rxd6 Nfxe4 19. Nxe4 Nxe4 20. Qxe4 Bf5 21. Qe3 Qxa2 22. Qb6 Qb1+ 23. Kd2 Bxb2 24. Bd3 Qc1+ 25. Ke2 Bxd3+ 26. Rxd3 Qc2+ 27. Rd2 Qxc4+ 28. Kd1 Qc1+ 29. Ke2 Rfe8+ 30. Be3 Bc3 31. Rd7 Qe1+ 32. Kd3 Qd1+ 33. Kxc3 Qxd7 34. Rh2 Qe7 35. Re2 Qa3+ 36. Kc2 Rad8 37. Bd4 Qa2+ 38. Kc1 Qc4+ 39. Kb1 Qd3+ 40. Kc1 Qc4+ 41. Kb1 Qd5 42. Be5 Qd1+ 43. Ka2 Rd2+ 44. Rxd2 Qxd2+ 45. Qb2 Qd5+ 46. Ka1 f6 47. Bc3 Qc4 48. Qd2 Kf7 49. Qd7+ Re7 50. Qd4 Qxd4 51. Bxd4 Re4 52. Bc5 Ke6 53. Kb2 Kd5 54. Bf2 Kc4 55. Kc2 a5 56. Kd2 a4 57. Ne2 Rxe2+ 58. Kxe2 0-1

[Event "Tagaytay City zt 3.3"]
[Site "Tagaytay City"]
[Date "2017.02.28"]
[Round "4"]
[White "Pacis, Adrian"]
[Black "Nolte, Rolando"]
[Result "1/2-1/2"]
[WhiteElo "2124"]
[BlackElo "2394"]
[PlyCount "45"]
[EventDate "2017.02.25"]
[EventType "swiss"]
[EventRounds "9"]
[EventCountry "PHI"]
[SourceTitle "CBM 177 Extra"]
[Source "ChessBase"]
[SourceDate "2017.04.27"]
[SourceVersion "1"]
[SourceVersionDate "2017.04.27"]
[SourceQuality "1"]

1. e4 e5 2. Nf3 Nc6 3. Bc4 Nf6 4. d3 Be7 5. 0-0 0-0 6. Bb3 d6 7. c3 Na5 8. Bc2 c5 9. h3 Nc6 10. Re1 Re8 11. Nbd2 Bf8 12. Nf1 d5 13. exd5 Nxd5 14. d4 exd4 15. Bxh7+ Kxh7 16. Ng5+ Kg8 17. Qh5 Nf6 18. Qxf7+ Kh8 19. Qg6 Rxe1 20. Nf7+ Kg8 21. Nh6+ Kh8 22. Nf7+ Kg8 23. Nh6+ 1/2-1/2

[Event "Tagaytay City zt 3.3"]
[Site "Tagaytay City"]
[Date "2017.02.26"]
[Round "2"]
[White "Pacis, Adrian"]
[Black "Yeoh, Li Tian"]
[Result "0-1"]
[WhiteElo "2124"]
[BlackElo "2449"]
[PlyCount "40"]
[EventDate "2017.02.25"]
[EventType "swiss"]
[EventRounds "9"]
[EventCountry "PHI"]
[SourceTitle "CBM 177 Extra"]
[Source "ChessBase"]
[SourceDate "2017.04.27"]
[SourceVersion "1"]
[SourceVersionDate "2017.04.27"]
[SourceQuality "1"]

1. e4 c6 2. d4 d5 3. e5 Bf5 4. Nf3 e6 5. Be2 Nd7 6. 0-0 Ne7 7. b3 c5 8. c4 a6 9. Bb2 Rc8 10. Nbd2 Nc6 11. cxd5 exd5 12. Nc4 dxc4 13. d5 Nd4 14. bxc4 Qb6 15. Bxd4 cxd4 16. Nxd4 Bg6 17. e6 Ne5 18. Qa4+ Kd8 19. Nf3 Qb4 20. Qxb4 Nxf3+ 0-1

[Event "Subic Bay Puregold op-B"]
[Site "Subic Bay"]
[Date "2016.12.13"]
[Round "1"]
[White "Yaon, Michelle"]
[Black "Pacis, Adrian"]
[Result "1-0"]
[WhiteElo "1846"]
[BlackElo "2158"]
[PlyCount "129"]
[EventDate "2016.12.13"]
[EventType "swiss"]
[EventRounds "9"]
[EventCountry "PHI"]
[SourceTitle "EXT 2018"]
[Source "ChessBase"]
[SourceDate "2017.10.13"]
[SourceVersion "1"]
[SourceVersionDate "2017.10.13"]
[SourceQuality "1"]

1. e4 c5 2. d3 Nc6 3. f4 g6 4. Nf3 Bg7 5. c3 Nf6 6. Be2 0-0 7. 0-0 c4 8. Nbd2 cxd3 9. Bxd3 d6 10. Kh1 e5 11. fxe5 dxe5 12. Nc4 Nh5 13. Qc2 h6 14. Be3 b5 15. Ncd2 Rb8 16. a4 a6 17. axb5 axb5 18. Rfd1 Nf4 19. Nb3 Qf6 20. Bf1 g5 21. Bc5 Rd8 22. Rxd8+ Nxd8 23. Rd1 Nb7 24. Bf2 Bg4 25. Nbd2 Nd6 26. Bg3 Qg6 27. Re1 Be6 28. b3 f6 29. c4 bxc4 30. bxc4 Qf7 31. c5 Qc7 32. Rc1 Nc8 33. Bf2 Bf8 34. Qa4 Bf7 35. c6 Rb4 36. Qa6 Nb6 37. Bb5 Nc8 38. Bf1 Ne6 39. Bc4 g4 40. Nh4 Nd6 41. Bd5 Rb2 42. Be3 Nd4 43. Nc4 Rb4 44. Bd2 Rxc4 45. Bxc4 Nxc4 46. Rxc4 Bxc4 47. Qxc4+ Kh7 48. Nf5 Nxc6 49. h3 gxh3 50. gxh3 Qd7 51. Be1 Bg7 52. Bf2 Nd8 53. Qe2 Ne6 54. h4 Nf4 55. Qg4 h5 56. Qg3 Bf8 57. Qb3 Bg7 58. Be3 Qc6 59. Qb1 Ne6 60. Qd3 Bf8 61. Kh2 Bg7 62. Bf2 Nf4 63. Qg3 Bf8 64. Qb3 Bg7 65. Qf7 1-0

[Event "Olongapo City Puregold op"]
[Site "Olongapo City"]
[Date "2015.11.19"]
[Round "6"]
[White "Fronda Pascua, Jan Jodilyn"]
[Black "Pacis, Adrian"]
[Result "1-0"]
[WhiteElo "2129"]
[BlackElo "2254"]
[PlyCount "65"]
[EventDate "2015.11.16"]
[EventType "game"]
[EventRounds "10"]
[EventCountry "PHI"]
[SourceTitle "CBM 169 Extra"]
[Source "ChessBase"]
[SourceDate "2015.12.18"]
[SourceVersion "1"]
[SourceVersionDate "2015.12.18"]
[SourceQuality "1"]

1. e4 c5 2. c3 d5 3. exd5 Qxd5 4. Nf3 Nf6 5. Na3 e6 6. d4 Be7 7. Be3 cxd4 8. Nb5 0-0 9. Nbxd4 Nc6 10. Be2 Bd7 11. 0-0 Rfd8 12. h3 a6 13. c4 Qd6 14. Qb3 Na5 15. Qc3 b6 16. Rfd1 Qc7 17. Rac1 Rac8 18. Nb3 Nb7 19. Qe5 Qc6 20. Nbd4 Qe4 21. Qxe4 Nxe4 22. Ne5 Be8 23. Bf3 Nbd6 24. Nb3 Rb8 25. c5 bxc5 26. Nxc5 Nxc5 27. Bxc5 f6 28. Nd3 Kf8 29. Ba7 Rbc8 30. Nc5 Kf7 31. Bb6 Nb5 32. Bxd8 Bxd8 33. Nxe6 1-0

[Event "Olongapo City Puregold op"]
[Site "Olongapo City"]
[Date "2015.11.17"]
[Round "2"]
[White "Pacis, Adrian"]
[Black "Deepan Chakkravarthy, J."]
[Result "0-1"]
[WhiteElo "2254"]
[BlackElo "2479"]
[PlyCount "56"]
[EventDate "2015.11.16"]
[EventType "game"]
[EventRounds "10"]
[EventCountry "PHI"]
[SourceTitle "CBM 169 Extra"]
[Source "ChessBase"]
[SourceDate "2015.12.18"]
[SourceVersion "1"]
[SourceVersionDate "2015.12.18"]
[SourceQuality "1"]

1. e4 c5 2. Nf3 e6 3. Bd3 g6 4. c3 Bg7 5. Bc2 d5 6. Qe2 dxe4 7. Qxe4 Nc6 8. 0-0 Nge7 9. d4 cxd4 10. cxd4 0-0 11. Rd1 b6 12. Nc3 Bb7 13. Bg5 h6 14. d5 exd5 15. Rxd5 Qe8 16. Qh4 Nxd5 17. Nxd5 Qe6 18. Nf6+ Bxf6 19. Bxf6 Rfe8 20. Bc3 Rad8 21. h3 h5 22. Qf4 Rd5 23. Re1 Qd7 24. Rxe8+ Qxe8 25. Qf6 Kf8 26. Nh4 Qe2 27. Nxg6+ Ke8 28. Nf4 Qxc2 0-1

[Event "Manila Pichay Cup 4th"]
[Site "Manila"]
[Date "2008.09.14"]
[Round "1"]
[White "Wan, Yunguo"]
[Black "Pacis, Adrian"]
[Result "1-0"]
[WhiteElo "2471"]
[BlackElo "2278"]
[PlyCount "127"]
[EventDate "2008.09.14"]
[EventType "swiss"]
[EventRounds "9"]
[EventCountry "PHI"]
[SourceTitle "CBM 126 Extra"]
[Source "ChessBase"]
[SourceDate "2008.11.05"]
[SourceVersion "1"]
[SourceVersionDate "2008.11.05"]
[SourceQuality "1"]

1. e4 c5 2. Nf3 Nc6 3. d4 cxd4 4. Nxd4 Qb6 5. Nb3 Nf6 6. Nc3 e6 7. Bd3 Be7 8. 0-0 0-0 9. Kh1 a6 10. f4 d6 11. Qe2 Qc7 12. Bd2 b5 13. a3 Rb8 14. Rae1 b4 15. axb4 Nxb4 16. Nb5 axb5 17. Bxb4 d5 18. Bxe7 Qxe7 19. e5 Ne4 20. Bxe4 dxe4 21. Nd2 Qb4 22. b3 Bb7 23. Nxe4 Bxe4 24. Qxe4 Qxe4 25. Rxe4 Rfc8 26. Re2 h5 27. Kg1 Rc3 28. Rd1 Kh7 29. g3 Rbc8 30. Rdd2 Kg6 31. Kg2 Kf5 32. Kh3 h4 33. Rd7 Rh8 34. Kg2 h3+ 35. Kf2 Rhc8 36. Rxf7+ Kg6 37. Re7 Rxc2 38. g4 Rxe2+ 39. Kxe2 Rc2+ 40. Kf3 Rxh2 41. Kg3 Rb2 42. Kxh3 Rxb3+ 43. Kh4 Rf3 44. Rxe6+ Kf7 45. f5 Re3 46. g5 b4 47. g6+ Kf8 48. Kg5 Re4 49. f6 gxf6+ 50. Rxf6+ Kg8 51. Kf5 Re1 52. Rb6 Rf1+ 53. Kg5 Rg1+ 54. Kf6 Rf1+ 55. Ke7 Kg7 56. e6 Kxg6 57. Ke8 Ra1 58. e7+ Kg7 59. Rb8 b3 60. Kd7 Rd1+ 61. Kc6 Rc1+ 62. Kd5 Rd1+ 63. Kc4 Rc1+ 64. Kd3 1-0

[Event "Manila PGMA Cup 3rd"]
[Site "Manila"]
[Date "2008.09.12"]
[Round "9"]
[White "Nguyen, Van Huy"]
[Black "Pacis, Adrian"]
[Result "1-0"]
[WhiteElo "2386"]
[BlackElo "2278"]
[PlyCount "95"]
[EventDate "2008.09.07"]
[EventType "swiss"]
[EventRounds "9"]
[EventCountry "PHI"]
[SourceTitle "CBM 126 Extra"]
[Source "ChessBase"]
[SourceDate "2008.11.05"]
[SourceVersion "1"]
[SourceVersionDate "2008.11.05"]
[SourceQuality "1"]

1. e4 c5 2. Nf3 Nc6 3. d4 cxd4 4. Nxd4 Qb6 5. Nb3 Nf6 6. Nc3 e6 7. Qe2 d6 8. g4 Be7 9. g5 Nd7 10. Be3 Qc7 11. 0-0-0 a6 12. h4 b5 13. f4 Nb6 14. Qf2 Na4 15. Nxa4 bxa4 16. Bb6 Qb7 17. Na5 Nxa5 18. Bxa5 a3 19. b3 0-0 20. Bd3 Bd8 21. Bc3 Bb6 22. Qg3 Qc7 23. e5 d5 24. Kb1 Bd7 25. Bd2 Bb5 26. Bc1 Bc5 27. h5 Bxd3 28. Qxd3 Rfc8 29. Rh3 Bb4 30. Qe2 Bf8 31. g6 fxg6 32. hxg6 h6 33. f5 exf5 34. Rxd5 Qc6 35. Qd3 Qxg6 36. Bxh6 Re8 37. Bc1 Rac8 38. Rf3 Rc6 39. Rxf5 Rec8 40. Rd7 Qe6 41. Rh5 g6 42. Rg5 Bh6 43. Rg2 Bxc1 44. Kxc1 Rf8 45. Rd8 Rxd8 46. Qxd8+ Kg7 47. Rd2 Kh6 48. Rh2+ 1-0

[Event "Manila PGMA Cup 3rd"]
[Site "Manila"]
[Date "2008.09.11"]
[Round "7"]
[White "Zhou, Weiqi"]
[Black "Pacis, Adrian"]
[Result "1-0"]
[WhiteElo "2556"]
[BlackElo "2278"]
[PlyCount "61"]
[EventDate "2008.09.07"]
[EventType "swiss"]
[EventRounds "9"]
[EventCountry "PHI"]
[SourceTitle "CBM 126 Extra"]
[Source "ChessBase"]
[SourceDate "2008.11.05"]
[SourceVersion "1"]
[SourceVersionDate "2008.11.05"]
[SourceQuality "1"]

1. d4 Nf6 2. c4 g6 3. g3 Bg7 4. Bg2 0-0 5. Nc3 d6 6. Nf3 Nbd7 7. 0-0 e5 8. e4 exd4 9. Nxd4 Re8 10. h3 Nc5 11. Re1 Bd7 12. Kh2 Qc8 13. f3 a6 14. a4 Nh5 15. Be3 Be5 16. f4 Bg7 17. b4 Ne6 18. Nd5 Nf6 19. a5 Rb8 20. Rc1 b6 21. axb6 cxb6 22. Nxb6 Qc7 23. Nxd7 Nxd7 24. Nxe6 Rxe6 25. Qa4 Nf6 26. b5 Nxe4 27. bxa6 f5 28. Rb1 Ra8 29. Rb7 Qc8 30. Qb5 h5 31. a7 1-0

[Event "Manila PGMA Cup 3rd"]
[Site "Manila"]
[Date "2008.09.08"]
[Round "2"]
[White "Goh, Wei Ming Kevin"]
[Black "Pacis, Adrian"]
[Result "1/2-1/2"]
[WhiteElo "2403"]
[BlackElo "2278"]
[PlyCount "44"]
[EventDate "2008.09.07"]
[EventType "swiss"]
[EventRounds "9"]
[EventCountry "PHI"]
[SourceTitle "CBM 126 Extra"]
[Source "ChessBase"]
[SourceDate "2008.11.05"]
[SourceVersion "1"]
[SourceVersionDate "2008.11.05"]
[SourceQuality "1"]

1. e4 c5 2. Nf3 Nc6 3. d4 cxd4 4. Nxd4 Qb6 5. Nb3 Nf6 6. Nc3 e6 7. Qe2 d6 8. g4 Be7 9. Be3 Qc7 10. g5 Nd7 11. 0-0-0 a6 12. Bg2 Rb8 13. f4 b5 14. Qf2 Nb6 15. Kb1 b4 16. Ne2 a5 17. Nbd4 Nxd4 18. Nxd4 Nc4 19. Bc1 e5 20. Nf5 Na3+ 21. Ka1 Nxc2+ 22. Kb1 Na3+ 1/2-1/2

[Event "Manila PGMA Cup 1st"]
[Site "Manila"]
[Date "2006.11.23"]
[Round "9"]
[White "Gomez, John Paul"]
[Black "Pacis, Adrian"]
[Result "1-0"]
[WhiteElo "2387"]
[BlackElo "2289"]
[PlyCount "49"]
[EventDate "2006.11.17"]
[EventType "swiss"]
[EventRounds "9"]
[EventCountry "PHI"]
[SourceTitle "CBM 115 Extra"]
[Source "ChessBase"]
[SourceDate "2007.01.10"]
[SourceVersion "1"]
[SourceVersionDate "2007.01.10"]
[SourceQuality "1"]

1. e4 c5 2. Nf3 Nc6 3. d4 cxd4 4. Nxd4 Qb6 5. Nb3 Nf6 6. Nc3 e6 7. Bd3 Be7 8. 0-0 0-0 9. Be3 Qc7 10. f4 d6 11. Qf3 a6 12. g4 Nd7 13. g5 Re8 14. Qh3 Bf8 15. Rf3 g6 16. Qh4 Nb4 17. a3 Nxd3 18. cxd3 b5 19. Bd4 h6 20. gxh6 Kh7 21. f5 gxf5 22. Rg3 Ne5 23. Bxe5 dxe5 24. Qg5 Bxh6 25. Rh3 1-0

[Event "Manila PGMA Cup 1st"]
[Site "Manila"]
[Date "2006.11.22"]
[Round "8"]
[White "Nadera, Barlo A"]
[Black "Pacis, Adrian"]
[Result "0-1"]
[WhiteElo "2391"]
[BlackElo "2289"]
[PlyCount "98"]
[EventDate "2006.11.17"]
[EventType "swiss"]
[EventRounds "9"]
[EventCountry "PHI"]
[SourceTitle "CBM 115 Extra"]
[Source "ChessBase"]
[SourceDate "2007.01.10"]
[SourceVersion "1"]
[SourceVersionDate "2007.01.10"]
[SourceQuality "1"]

1. d4 Nf6 2. c4 g6 3. Nc3 Bg7 4. e4 d6 5. Be2 0-0 6. Be3 c6 7. h3 Nbd7 8. Nf3 e5 9. d5 cxd5 10. cxd5 Nh5 11. Nd2 Nf4 12. Bf1 f5 13. g3 Nh5 14. exf5 gxf5 15. Qxh5 f4 16. gxf4 exf4 17. Bd3 Nf6 18. Qg5 fxe3 19. fxe3 Bd7 20. Rg1 Rf7 21. 0-0-0 Rc8 22. Rdf1 Qe7 23. Rf3 Kh8 24. Rfg3 b5 25. a3 a5 26. Kb1 b4 27. axb4 axb4 28. Ne2 Bb5 29. Qf5 Bxd3+ 30. Qxd3 Ra8 31. Nc1 Qa7 32. Ndb3 Nd7 33. R3g2 Nc5 34. Nxc5 Qxc5 35. Nb3 Qa7 36. Rc2 Rf3 37. Re1 Rff8 38. Qc4 Qa2+ 39. Kc1 Rac8 40. Qxc8 Bxb2+ 41. Kd1 Rxc8 42. Rxc8+ Kg7 43. Nd2 Bc3 44. Rg1+ Kh6 45. Rg2 Qxd5 46. Rf2 Qd3 47. Re8 b3 48. e4 Bxd2 49. Re6+ Kh5 0-1

[Event "Olympiad-30"]
[Site "Manila"]
[Date "1992.06.18"]
[Round "10.4"]
[White "Sevillano, Enrico"]
[Black "Pacis, Adrian"]
[Result "1-0"]
[WhiteElo "2345"]
[BlackElo "2305"]
[PlyCount "74"]
[EventDate "1992.06.08"]
[EventType "team-swiss"]
[EventRounds "14"]
[EventCountry "PHI"]
[SourceTitle "TD"]
[Source "ChessBase"]
[SourceDate "1994.03.01"]
[SourceVersion "1"]
[SourceVersionDate "1994.03.01"]
[SourceQuality "1"]
[WhiteTeam "Philippines"]
[BlackTeam "Philippines III"]
[WhiteTeamCountry "PHI"]
[BlackTeamCountry "PHI"]

1. e4 d6 2. d4 Nf6 3. Nc3 g6 4. f4 Bg7 5. Nf3 0-0 6. Be3 c5 7. dxc5 Qa5 8. Bd3 dxc5 9. e5 Nd5 10. Bd2 Nxc3 11. bxc3 Nc6 12. Qe2 f6 13. h4 Bg4 14. h5 gxh5 15. Qe4 f5 16. Qc4+ Kh8 17. Rb1 Qc7 18. Qxc5 b6 19. Qf2 e6 20. Nh2 Nxe5 21. fxe5 Bxe5 22. Nf1 Bxc3 23. Bxc3+ Qxc3+ 24. Qd2 Rac8 25. Qxc3+ Rxc3 26. Rb5 Kg7 27. Ne3 Rd8 28. Kd2 Rc6 29. Re1 Kf6 30. Nxg4+ hxg4 31. Re2 Kg7 32. g3 Rdd6 33. Rh2 Kf6 34. Rxh7 a5 35. Ke3 Kg6 36. Re7 Kf6 37. Rh7 Rc5 1-0

[Event "Olympiad-30"]
[Site "Manila"]
[Date "1992.06.16"]
[Round "8.4"]
[White "Pacis, Adrian"]
[Black "Galego, Luis"]
[Result "0-1"]
[WhiteElo "2305"]
[BlackElo "2405"]
[PlyCount "54"]
[EventDate "1992.06.08"]
[EventType "team-swiss"]
[EventRounds "14"]
[EventCountry "PHI"]
[SourceTitle "TD"]
[Source "ChessBase"]
[SourceDate "1994.03.01"]
[SourceVersion "1"]
[SourceVersionDate "1994.03.01"]
[SourceQuality "1"]
[WhiteTeam "Philippines III"]
[BlackTeam "Portugal"]
[WhiteTeamCountry "PHI"]
[BlackTeamCountry "POR"]

1. e4 c5 2. Nf3 e6 3. d3 d5 4. Nbd2 Nc6 5. g3 Bd6 6. Bg2 Nge7 7. 0-0 0-0 8. Re1 Qc7 9. b3 Bd7 10. Bb2 d4 11. c3 dxc3 12. Bxc3 e5 13. Nc4 f6 14. Rc1 b5 15. Ne3 Be6 16. Nh4 Qd7 17. Nhf5 g6 18. Nxe7+ Nxe7 19. Rf1 Bc7 20. Qe2 Rad8 21. Rcd1 Nc6 22. f4 Nd4 23. Qe1 b4 24. Bb2 a5 25. Rd2 a4 26. bxa4 c4 27. Rd1 c3 0-1

[Event "Olympiad-30"]
[Site "Manila"]
[Date "1992.06.10"]
[Round "3.4"]
[White "Sosa Trani, Luis"]
[Black "Pacis, Adrian"]
[Result "1/2-1/2"]
[WhiteElo "2240"]
[BlackElo "2305"]
[PlyCount "37"]
[EventDate "1992.06.08"]
[EventType "team-swiss"]
[EventRounds "14"]
[EventCountry "PHI"]
[SourceTitle "TD"]
[Source "ChessBase"]
[SourceDate "1994.03.01"]
[SourceVersion "1"]
[SourceVersionDate "1994.03.01"]
[SourceQuality "1"]
[WhiteTeam "Puerto Rico"]
[BlackTeam "Philippines III"]
[WhiteTeamCountry "PUR"]
[BlackTeamCountry "PHI"]

1. e4 d6 2. d4 Nf6 3. Nc3 g6 4. f4 Bg7 5. Nf3 0-0 6. Bd3 Nc6 7. 0-0 Bg4 8. e5 dxe5 9. dxe5 Nxe5 10. h3 Bf5 11. Nd5 Qxd5 12. Bxf5 Qxd1 13. Rxd1 gxf5 14. Be3 Rfd8 15. Kf2 e6 16. Bc5 Bf8 17. Bxf8 Kxf8 18. Ng5 Kg7 19. Nf3 1/2-1/2

[Event "Far East Bank op"]
[Site "Manila"]
[Date "1990.06.01"]
[Round "5"]
[White "Palma, Chris"]
[Black "Pacis, Adrian"]
[Result "0-1"]
[WhiteElo "2049"]
[BlackElo "2310"]
[PlyCount "54"]
[EventDate "1990.05.28"]
[EventType "swiss"]
[EventRounds "11"]
[EventCountry "PHI"]
[SourceTitle "EXT 2015"]
[Source "ChessBase"]
[SourceDate "2014.11.20"]
[SourceVersion "1"]
[SourceVersionDate "2014.11.20"]
[SourceQuality "1"]

1. d4 Nf6 2. c4 g6 3. Nc3 Bg7 4. e4 d6 5. f3 0-0 6. Be3 e5 7. Qd2 exd4 8. Bxd4 Nc6 9. Be3 Be6 10. 0-0-0 a6 11. Bd3 Ne5 12. Nd5 b5 13. Bg5 bxc4 14. Bb1 Bxd5 15. exd5 Rb8 16. Ne2 c5 17. Nc3 Qb6 18. Qf2 Nfd7 19. Qd2 Nd3+ 20. Bxd3 cxd3 21. f4 c4 22. f5 Qa5 23. f6 Nxf6 24. a3 Nxd5 25. Nxd5 Qxd5 26. h4 Bxb2+ 27. Qxb2 Rxb2 0-1

[Event "Far East Bank op"]
[Site "Manila"]
[Date "1990.05.28"]
[Round "1"]
[White "Boyero, Jose"]
[Black "Pacis, Adrian"]
[Result "0-1"]
[WhiteElo "1943"]
[BlackElo "2310"]
[PlyCount "90"]
[EventDate "1990.05.28"]
[EventType "swiss"]
[EventRounds "11"]
[EventCountry "PHI"]
[SourceTitle "EXT 2015"]
[Source "ChessBase"]
[SourceDate "2014.11.20"]
[SourceVersion "1"]
[SourceVersionDate "2014.11.20"]
[SourceQuality "1"]

1. d4 Nf6 2. Nf3 g6 3. c4 Bg7 4. g3 0-0 5. Bg2 d6 6. Nc3 c6 7. 0-0 a6 8. Bg5 b5 9. cxb5 axb5 10. a3 h6 11. Bxf6 Bxf6 12. Qd2 Bg7 13. Rfc1 Bb7 14. e4 Nd7 15. Qe3 Qb6 16. Bh3 e6 17. Rd1 b4 18. Ne2 c5 19. a4 cxd4 20. Nexd4 Nc5 21. Nb5 Rfd8 22. b3 Bxe4 23. Nd2 Bb7 24. Rac1 Qc6 25. f3 Qd5 26. Bf1 Qf5 27. Rc4 Bf8 28. Kg2 e5 29. Rxb4 d5 30. g4 d4 31. gxf5 dxe3 32. fxg6 Rxd2+ 33. Rxd2 exd2 34. gxf7+ Kxf7 35. Bc4+ Kf6 36. Nc3 Rd8 37. Nd1 e4 38. Rb6+ Ke5 39. Kf2 exf3 40. a5 Nd3+ 41. Kg3 f2 42. Re6+ Kd4 43. Bxd3 Kxd3 44. Nxf2+ Kc2 45. a6 Bd5 0-1